Lesnícky sborník

Bibliographic Details
Other Authors: Papánek, František, 1912-1995 (Publishing director)
Format: Serial
Language:Slovak
PhysicalDescription:2 zv. ilustr., tab. 24-25 cm
Published: Bratislava Vydavateľstvo Slovenskej akadémie vied 1955
ISSN:0455-7530
Subjects:

MARC

LEADER 00000cas a2200000 a 4500
001 vtls001371318
003 SK-MaSNL
005 20260228155724.0
008 990902d19551955xo u 0 0b0slo c
022 |a 0455-7530 
035 |a SNK000325125 
040 |a SNK  |b slo  |c SNK  |d SAVUK  |e AACR2 
041 0 |a slo  |b rus  |b ger 
044 |a xo  |c SK 
072 7 |a 630  |x Lesníctvo  |2 konspekt 
080 |a 630  |2 2011 
080 |a 050  |2 2011 
080 |a (082)  |2 2011 
210 0 |a Lesn. sb. 
222 0 |a Lesnícky sborník 
245 0 0 |a Lesnícky sborník 
260 |a Bratislava  |b Vydavateľstvo Slovenskej akadémie vied  |c 1955 
300 |a 2 zv.  |b ilustr., tab.  |c 24-25 cm 
310 |a Periodicita nie je známa 
362 0 |a 1 (1955)-2 (1955) 
500 |a Vedecký redaktor: František Papánek 
500 |a Zborník vyšiel v 2 zväzkoch 
504 |a Bibliografické odkazy 
546 |a Res. rus., nem. 
650 0 7 |a lesníctvo  |2 SNKPH  |9 1255 
650 0 7 |a Forestry  |2 SNKPHeng  |9 265216 
655 7 |a zborníky  |2 SNKPH  |9 70165 
655 7 |a Papers of several authors  |2 SNKPHeng  |9 153738 
700 1 |a Papánek, František,  |d 1912-1995  |4 pbd  |9 201620 
710 2 |a Slovenská akadémia vied.  |b Sekcia poľnohospodárskych vied  |4 pbl  |9 194575 
852 |a Štátna vedecká knižnica v Banskej Bystrici 
910 |a savuk 
910 |a snmk 
910 |a snk 
916 |a 1955 
999 |c 320  |d 320 
952 |0 0  |1 0  |4 0  |7 0  |a SNK  |b SNK  |d 2022-05-19  |f 1  |i snkI. 8313/55  |l 0  |o snkČSC 570/1955/1  |p 17A0766704  |r 2026-02-21 20:03:31  |w 2026-02-21  |y PREZ 
952 |0 0  |1 0  |4 0  |7 0  |a SNK  |b SNK  |d 2014-04-16  |i snkČSP 81/56  |l 0  |o snkČSC 570/2/1955 D1  |p 17A1075488  |r 2026-02-21 20:51:31  |w 2026-02-21  |y VYP 
952 |0 0  |1 0  |4 0  |7 0  |a SNK  |b SNK  |d 1999-09-02  |f 1  |i snkČSP 82/56  |l 0  |o snkČSC 570/1955/2  |p 17A0209537  |r 2005-01-02 00:00:00  |w 2026-02-21  |y PREZ